000 00439nam a2200193Ia 4500
005 20250425161455.0
008 250425s9999 xx 000 0 und d
020 _a070419744
041 _aeng
082 _a621.3191
100 _aMILLER, ROBERT H.
245 0 _aPOWER SYSTEM OPERATION
250 _aS.E.
260 _aEstados Unidos
_bMC GRAW - HILL
_c1970
260 _aS.L.
300 _a179
942 _c01
010 _a21133
999 _c209986
_d209986